Rutley's Elements of Mineralogy / (Record no. 11309)
[ view plain ]
| 000 -LEADER | |
|---|---|
| fixed length control field | 00747nam a2200265 a 4500 |
| 001 - CONTROL NUMBER | |
| control field | 11309 |
| 003 - CONTROL NUMBER IDENTIFIER | |
| rucl marc code | BD-RjUL |
| 005 - DATE AND TIME OF LATEST TRANSACTION | |
| control field | 20211208235114.0 |
| 008 - FIXED-LENGTH DATA ELEMENTS--GENERAL INFORMATION | |
| fixed length control field | 150820r19761970nyua 001 0 eng d |
| 020 ## - INTERNATIONAL STANDARD BOOK NUMBER | |
| International Standard Book Number | 0045490066 |
| 035 ## - SYSTEM CONTROL NUMBER | |
| System control number | (BD-RjUL) 11358 |
| 040 ## - CATALOGING SOURCE | |
| Original cataloging agency | DLC |
| Transcribing agency | DLC |
| Modifying agency | DLC |
| -- | BD-RjUL |
| Language of cataloging | eng |
| 041 ## - LANGUAGE CODE | |
| Language code of text/sound track or separate title | eng |
| 082 00 - DEWEY DECIMAL CLASSIFICATION NUMBER | |
| Classification number | 549 |
| Author mark and year | RER 1976 |
| 100 1# - MAIN ENTRY--PERSONAL NAME | |
| Personal name | Read,H.H |
| Dates associated with a name | 1842-1904. |
| 9 (RLIN) | 34978 |
| 245 10 - TITLE STATEMENT | |
| Title | Rutley's Elements of Mineralogy / |
| Statement of responsibility, etc. | H. H. Read. |
| 250 ## - EDITION STATEMENT | |
| Edition statement | 26th ed. |
| 260 ## - PUBLICATION, DISTRIBUTION, ETC. (IMPRINT) | |
| Place of publication, distribution, etc. | London : |
| Name of publisher, distributor, etc. | Thomas Murby & Co. ; |
| Date of publication, distribution, etc. | c1970 ( Impression1971,1973,1975,1976 ) |
| 300 ## - PHYSICAL DESCRIPTION | |
| Pagination | xii, 560 p. : |
| Illustrations | ill.; |
| Size | 21 cm. |
| 504 ## - BIBLIOGRAPHY, ETC. NOTE | |
| Bibliography, etc | includes index |
| 650 #0 - SUBJECT ADDED ENTRY--TOPICAL TERM | |
| Topical term or geographic name as entry element | Mineralogy. |
| 9 (RLIN) | 34979 |
| 942 ## - ADDED ENTRY ELEMENTS (KOHA) | |
| Source of classification or shelving scheme | Dewey Decimal Classification |
| Koha item type | Books |
| Lost status | Source of classification or shelving scheme | Damaged status | Not for loan | Collection code | Permanent Location | Current Location | Shelving location | Date acquired | Source of acquisition | Cost, normal purchase price | Total Checkouts | Full call number | Date last seen | Copy number | Koha item type | Date checked out |
|---|---|---|---|---|---|---|---|---|---|---|---|---|---|---|---|---|
| Dewey Decimal Classification | Non-fiction | Central Library, University of Rajshahi | Central Library, University of Rajshahi | 30/11/1978 | Heffers London | 5.95 | 549 RER 1976 | 26/01/2014 | C-3 | Books | ||||||
| Dewey Decimal Classification | Non-fiction | Central Library, University of Rajshahi | Central Library, University of Rajshahi | 16/06/1982 | Rajshahi, Aligarh Library | 200.00 | 549 RER 1976 | 24/02/2014 | C-2 | Books | ||||||
| Dewey Decimal Classification | Not For Loan | Non-fiction | Central Library, University of Rajshahi | Central Library, University of Rajshahi | Reading Room | 30/11/1978 | Heffers London | 5.95 | 549 RER 1976 | 20/08/2015 | C-1 | Books | ||||
| Dewey Decimal Classification | Non-fiction | Central Library, University of Rajshahi | Central Library, University of Rajshahi | 30/11/1978 | Heffers, London | 5.95 | 1 | 549 RER 1976 | 15/10/2016 | C-4 | Books | 25/09/2016 | ||||
| Dewey Decimal Classification | Non-fiction | Central Library, University of Rajshahi | Central Library, University of Rajshahi | 16/06/1982 | Aligarh Lib. Rajshahi | 200.00 | 549 RER 1976 | 28/11/2015 | C-5 | Books | ||||||
| Dewey Decimal Classification | Non-fiction | Central Library, University of Rajshahi | Central Library, University of Rajshahi | 16/06/1982 | Aligarh Lib. Rajshahi | 200.00 | 549 RER 1976 | 28/11/2015 | C-6 | Books | ||||||
| Dewey Decimal Classification | Non-fiction | Central Library, University of Rajshahi | Central Library, University of Rajshahi | 16/06/1982 | Aligarh Lib. Rajshahi | 200.00 | 549 RER 1976 | 28/11/2015 | C-8 | Books | ||||||
| Dewey Decimal Classification | Non-fiction | Central Library, University of Rajshahi | Central Library, University of Rajshahi | 28/11/2015 | Aligarh Lib. Rajshahi | 549 RER 1976 | 28/11/2015 | C-7 | Books | |||||||
| Dewey Decimal Classification | Non-fiction | Central Library, University of Rajshahi | Central Library, University of Rajshahi | 29/11/2015 | 549 RER 1976 | 29/11/2015 | C-9 | Books | ||||||||
| Dewey Decimal Classification | Non-fiction | Central Library, University of Rajshahi | Central Library, University of Rajshahi | 03/07/1999 | R.U. Library | 549 RER 1976 | 01/10/2016 | C-10 | Books |